Android hra pre zlepšenie reakčných schopností

Salvato in:
Dettagli Bibliografici
Autore principale: Ogurčák, Samuel (Autore)
Altri autori: Marček, Stanislav (Relatore della tesi)
Natura: Manoscritto Libro
Lingua:slovacco
Pubblicazione: 2019
Soggetti:
Accesso online:http://is.stuba.sk/zp/portal_zp.pl?podrobnosti=144456
Tags: Aggiungi Tag
Nessun Tag, puoi essere il primo ad aggiungerne!!

MARC

LEADER 00000ntm a22000003a 4500
001 stuzp72915
003 SK-STU
005 20190823094305.2
007 ta
008 150427s2015----xo-----f-mn---000-0-slo-d
040 |a STU  |b slo 
041 0 |a slo 
044 |a xo 
100 1 |a Ogurčák, Samuel  |u 035000  |k Z4  |4 aut  |U FEI Fakulta elektrotechniky a informatiky  |T FEI Ústav informatiky a matematiky  |X 74775  |U E050  |Y 816  |7 74775 
242 0 1 |a Android game to improve reaction skills  |y eng 
245 1 0 |a Android hra pre zlepšenie reakčných schopností 
260 |c 2019 
300 |a 69 s., príl.,  |b CD-ROM 
650 4 |a Android  |2 slo 
650 4 |a Multiplayer  |2 slo 
650 4 |a Bluetooth  |2 slo 
650 4 |a Reakčný čas  |2 slo 
650 4 |a Android  |2 eng 
650 4 |a Multiplayer  |2 eng 
650 4 |a Bluetooth  |2 eng 
650 4 |a Reaction Time  |2 eng 
700 1 |a Marček, Stanislav  |u 035000  |k Z1  |4 ths  |U FEI Fakulta elektrotechniky a informatiky  |T FEI Ústav informatiky a matematiky  |X 27068  |U E050  |Y 816  |7 A000027068 
856 4 |u http://is.stuba.sk/zp/portal_zp.pl?podrobnosti=144456 
996 |b 284EP12318  |c E*DIPL- 12318  |l EE35  |s P  |a 0  |w stuzp72915_0001